Statistics for Christmas Vocabulary

Click here to take the quiz!

General Stats

  • This quiz has been taken 24,172 times
  • The average score is 13 of 20

Answer Stats

DefinitionWord% Correct
Dairy and egg beverageEggnog
95%
Present-filled sockStocking
92%
Decorative plant to kiss underneathMistletoe
89%
Scene that depicts the birth of JesusNativity
88%
Trough where the baby Jesus was laidManger
87%
Horse-pulled vehicle to travel over snowSleigh
82%
Decorative plant with toxic red berriesHolly
81%
Silvery strips used to decorate treesTinsel
79%
Ring-shaped plant decorationWreath
74%
Time of year that starts on the fourth
Sunday before Christmas
Advent
70%
Aromatic resin used in incense,
given by the above
Frankincense
69%
Aromatic resin used in incense,
given by the above
Myrrh
69%
Another word for tree branch
(think: Deck the Halls)
Bough
68%
Red-leaved Christmas plant
originally from Mexico
Poinsettia
62%
Four letter word for the three wise menMagi
56%
Horn of plentyCornucopia
53%
Decorative cord that can be
hung around a tree
Garland
42%
Pagan festival now a synonym for ChristmasYule
37%
Holiday celebrating the wise men's visit;
Usually on January 6th
Epiphany
27%
Beverage of hot mulled cider;
"And to you your _______ too"
Wassail
22%

Score Distribution

Percentile by Number Answered

Percent of People with Each Score

Your Score History

You have not taken this quiz